000
00293nam a22001337a 4500
008
170609b xxu||||| |||| 00| 0 eng d
020
_a
9780521808835
041
_a
eng
080
_a
328
100
_a
18
101
_a
SHP
245
_a
LIBERALISM DEMOCRACY
_c
GHNA.S
942
_2
udc
_c
BK
999
_c
16773
_d
16773